[Event "AUTO-INT-719"]
[Site "http://www.queenalice.com/game.php?id=376588"]
[Date "2008.3.25"]
[Round "2"]
[White "casparanhos"]
[Black "silverado"]
[Result "1-0"]
[WhiteElo "1672"]
[BlackElo "1908"]

1. e4 e5 2. d4 Nc6 3. d5 Nce7 4. Bc4 d6 5. c3 h6 6. Qa4+ c6 7. dxc6 bxc6 8. Ba6
Nf6 9. Bxc8 Qxc8 10. Nd2 Qg4 11. g3 d5 12. f3 Qg5 13. Nc4 Qg6 14. Nb6 Rd8 15.
Nxd5 Nfxd5 16. exd5 Rxd5 17. Qxa7 Qd3 18. Kf2 Nf5 19. Qa8+ Ke7 20. Qb7+ Kd6 21.
Qxf7 Qc2+ 22. Ne2 Be7 23. Qg6+ Bf6 24. Qg4 h5 25. Qb4+ Ke6 26. Qe4 Qd3 27. Qxd3
Rxd3 28. Re1 Kf7 29. a4 g6 30. a5 g5 31. a6 h4 32. a7 hxg3+ 33. hxg3 Rh3 34.
a8=Q Rh2+ 35. Kg1 Rh8 36. Qxc6 Kg6 37. Ra6 Rd6 38. Qa4 Rxa6 39. Qxa6 Rh7 40. Qd3
Rh3 41. g4 Be7 42. Qxf5+ Kg7 43. Qxe5+ Bf6 44. Qc7+ Kg6 45. Kg2 Rh7 46. Qc6 Kf7
47. Nd4 Rh6 48. Qe8+ Kg7 49. Nf5+ Kh7 50. Qf7+ Kh8 51. Re8# 1-0

[Event "AUTO-INT-719"]
[Site "http://www.queenalice.com/game.php?id=376589"]
[Date "2008.3.25"]
[Round "2"]
[White "silverado"]
[Black "casparanhos"]
[Result "1-0"]
[WhiteElo "1812"]
[BlackElo "1681"]

1. d4 d5 2. Bf4 Nf6 3. f3 c6 4. c3 g6 5. g4 Bg7 6. h4 b5 7. Bh3 e6 8. Be5 O-O 9.
Qd3 Nbd7 10. Bxf6 Qxf6 11. h5 Qh4+ 12. Kf1 gxh5 13. Bg2 Qg5 14. Rxh5 Qc1+ 15.
Kf2 h6 16. g5 f5 17. gxh6 Bxh6 18. Nh3 Qxb2 19. Rxh6 Nf6 20. Qd2 Qxa1 21. Qg5+
Kf7 22. Rxf6+ Ke8 23. Qg6+ Ke7 24. Qg7+ Kd6 25. Qxf8+ Kc7 26. Rf7+ Kb6 27. Qc5+
Ka5 28. Qxc6 Qxb1 29. Qxa8 Qxa2 30. Rxa7+ 1-0

[Event "AUTO-INT-753"]
[Site "http://www.queenalice.com/game.php?id=424374"]
[Date "2008.6.28"]
[Round "2"]
[White "Herivelto"]
[Black "casparanhos"]
[Result "1-0"]
[WhiteElo "1736"]
[BlackElo "1707"]

1. Nf3 d5 2. c4 dxc4 3. Qa4+ c6 4. Qxc4 Be6 5. Qc2 Nf6 6. b3 Bg4 7. Bb2 Bxf3 8.
exf3 g6 9. g3 Bh6 10. Bg2 O-O 11. O-O Na6 12. Re1 Nb4 13. Qc3 Nfd5 14. Qh8# 1-0

[Event "AUTO-INT-753"]
[Site "http://www.queenalice.com/game.php?id=424375"]
[Date "2008.6.28"]
[Round "2"]
[White "casparanhos"]
[Black "Herivelto"]
[Result "0-1"]
[WhiteElo "1694"]
[BlackElo "1853"]

1. e3 c5 2. Bc4 a6 3. Qh5 g6 4. Qxc5 Bg7 5. Qd5 e6 6. Qf3 d5 7. Bb3 Nf6 8. Ba4+
b5 9. Bb3 a5 10. a4 Bd7 11. Nh3 O-O 12. Nc3 b4 13. Nb5 Bc6 14. d4 Qd7 15. Qe2
Ne4 16. O-O Nd6 17. Nxd6 Qxd6 18. c3 Nd7 19. cxb4 Qxb4 20. Bc2 e5 21. Bd2 Qxb2
22. Qd1 exd4 23. Rb1 Qa3 24. exd4 Bxd4 25. Ng5 Nc5 26. Qf3 Qxf3 27. Nxf3 Bf6 28.
Rb6 Rfc8 29. Be3 Nd7 30. Rbb1 Ne5 31. Nd2 Bd7 32. Bb3 Nc4 33. g3 Nxe3 34. fxe3
Rc5 35. Rxf6 Be6 36. e4 Rac8 37. exd5 Bxd5 38. Bxd5 Rxd5 39. Nf3 Kg7 40. Rf4
Rcd8 41. Rf1 h6 42. h4 f5 43. g4 fxg4 44. Rxg4 Rd1 45. Rxd1 Rxd1+ 46. Kf2 Ra1
47. Ne5 Ra2+ 48. Ke3 Ra3+ 49. Kd2 Kf6 50. Nc4 Rxa4 51. Rf4+ Ke6 52. Kd3 g5 53.
hxg5 hxg5 54. Re4+ Kf6 0-1

[Event "AUTO-INT-753"]
[Site "http://www.queenalice.com/game.php?id=424380"]
[Date "2008.6.28"]
[Round "2"]
[White "DaLuz"]
[Black "casparanhos"]
[Result "1-0"]
[WhiteElo "1734"]
[BlackElo "1733"]

1. e4 e5 2. Nf3 d6 3. d4 Nf6 4. Nc3 Qe7 5. Bg5 exd4 6. Qxd4 Nc6 7. Bb5 Bd7 8.
Bxc6 Bxc6 9. O-O-O h6 10. Nd5 Bxd5 11. exd5 hxg5 12. Rhe1 c5 13. dxc6 bxc6 14.
Qxd6 Qe4 15. Rxe4+ Nxe4 16. Qd7# 1-0

[Event "AUTO-INT-753"]
[Site "http://www.queenalice.com/game.php?id=424381"]
[Date "2008.6.28"]
[Round "2"]
[White "casparanhos"]
[Black "DaLuz"]
[Result "0-1"]
[WhiteElo "1717"]
[BlackElo "1855"]

1. e4 c5 2. Qh5 Nf6 3. Qf3 Nc6 4. d3 d5 5. Bg5 dxe4 6. dxe4 Bg4 7. Qd3 Nb4 8.
Qd2 Nxe4 9. Bb5+ Bd7 10. Qe2 Nxg5 11. c4 Bxb5 12. cxb5 Nd3+ 13. Kf1 Nxb2 14. Nc3
Qd3 15. Rb1 Qxe2+ 16. Ncxe2 O-O-O 17. f4 Ne4 18. Nf3 Nc4 19. Rc1 Ne3+ 20. Kg1 e6
21. h4 c4 22. Ne5 Bc5 23. Kh2 Rd2 24. Nxf7 Rxe2 25. Rhg1 Ng4+ 26. Kh3 Nef2+ 0-1

[Event "Br/Ar Chess 2009"]
[Site "http://www.queenalice.com/game.php?id=518228"]
[Date "2009.1.6"]
[Round "1"]
[White "casparanhos"]
[Black "ZZZZ"]
[Result "0-1"]
[WhiteElo "1684"]
[BlackElo "1659"]

1. e4 e5 2. Qh5 d6 3. Bc4 Nh6 4. Nc3 Bg4 5. Qxh6 gxh6 6. h3 Bd7 7. Nf3 Qf6 8.
Nd5 Qd8 9. c3 c6 10. Ne3 b5 11. Bd3 f6 12. b4 Be6 13. Bf1 Qe7 14. g4 Qf7 15. a3
d5 16. exd5 cxd5 17. Bg2 e4 18. Nd4 a6 19. O-O Rg8 20. Re1 h5 21. Rd1 hxg4 22.
hxg4 Bxg4 23. Nxg4 Rxg4 24. Ne2 Qg6 25. Ng3 Bd6 26. Kh2 Qh6+ 27. Bh3 Rh4 0-1

[Event "BR 2009 Part 2"]
[Site "http://www.queenalice.com/game.php?id=682100"]
[Date "2009.11.12"]
[Round "1"]
[White "casparanhos"]
[Black "KAXY"]
[Result "1-0"]
[WhiteElo "1678"]
[BlackElo "1669"]

1. e4 e5 2. Qh5 d6 3. g3 Nf6 4. Qf3 Nc6 5. Bb5 Bd7 6. Ne2 Bg4 7. Qd3 Bxe2 8.
Qxe2 Be7 9. Bxc6+ bxc6 10. Nc3 O-O 11. b3 a5 12. d3 h6 13. a4 Nh7 14. Bb2 Ng5
15. h4 Ne6 16. Bc1 Rb8 17. Qg4 Nd4 18. Bxh6 Bf6 19. O-O-O Kh7 20. Bg5 Ne6 21.
Bd2 Kg8 22. h5 Ng5 23. f4 exf4 24. gxf4 Nh7 25. h6 g6 26. f5 Rb6 27. fxg6 fxg6
28. Qxg6+ Kh8 29. Ne2 Rg8 30. Qf7 Rf8 31. Qe6 d5 32. Bxa5 Ra6 33. e5 Re8 34. Qf7
Rxa5 35. exf6 Qxf6 36. Qxe8+ Nf8 37. Rdf1 Qa1+ 38. Kd2 1-0

[Event "BR 2009 Part 2"]
[Site "http://www.queenalice.com/game.php?id=682112"]
[Date "2009.11.12"]
[Round "3"]
[White "casparanhos"]
[Black "Rogertodyy"]
[Result "1-0"]
[WhiteElo "1675"]
[BlackElo "1765"]

1. d4 d5 2. e3 Bf5 3. g4 Bg6 4. Nc3 Nf6 5. h3 e6 6. a3 Nc6 7. g5 Ne4 8. Nxe4
Bxe4 9. Nf3 Be7 10. h4 Qd7 11. Bg2 O-O 12. Rg1 Rad8 13. Nd2 Bxg2 14. Rxg2 b6 15.
h5 f6 16. h6 fxg5 17. hxg7 Kxg7 18. Qh5 Rf5 19. b3 h6 20. Bb2 e5 21. dxe5 Nxe5
22. f4 Bd6 23. fxe5 Bxe5 24. O-O-O Bxb2+ 25. Kxb2 d4 26. e4 Re5 27. Rg4 c5 28.
Nf3 Re6 29. Nh4 Qc6 30. Nf5+ Kf8 31. Rf1 Rf6 32. e5 Rf7 33. Rgg1 c4 34. Nxh6
Rxf1 35. Rxf1+ Kg7 36. Rf7+ Kh8 37. Nf5+ Kg8 38. Qh7# 1-0

[Event "Challenge"]
[Site "http://www.queenalice.com/game.php?id=683077"]
[Date "2009.11.14"]
[Round "-"]
[White "thedead"]
[Black "casparanhos"]
[Result "0-1"]
[WhiteElo "1533"]
[BlackElo "1667"]

1. e4 e5 2. Nf3 d6 3. h3 g6 4. d3 Bg7 5. Be2 Ne7 6. Be3 O-O 7. O-O c5 8. Nbd2 b5
9. Re1 b4 10. a3 bxa3 11. bxa3 Nbc6 12. Nb3 Rb8 13. c3 Be6 14. Nc1 Qa5 15. Qd2
Rb6 16. Bh6 Rfb8 17. Bd1 Rb2 18. Qe3 Qxc3 19. Ne2 Qa5 20. h4 Qxe1+ 21. Nxe1 Rb1
22. Rxb1 Rxb1 23. Nc1 Nd4 24. Kh2 f5 25. exf5 Ndxf5 0-1

[Event "AUTO-INT-1727"]
[Site "http://www.queenalice.com/game.php?id=789558"]
[Date "2010.6.14"]
[Round "1"]
[White "casparanhos"]
[Black "DNWheeler"]
[Result "0-1"]
[WhiteElo "1649"]
[BlackElo "2041"]

1. e4 c5 2. Bc4 e6 3. Nh3 Be7 4. d3 a6 5. a4 d5 6. exd5 exd5 7. Ba2 Nf6 8. Qf3
O-O 9. Qg3 Re8 10. O-O Nc6 11. c4 d4 12. Bh6 Nh5 13. Qf3 gxh6 14. Qxh5 Bxh3 15.
Qxh3 Bg5 16. Nd2 Bxd2 17. Qg3+ Qg5 18. Qf3 Re6 19. b3 Bc3 20. Rad1 Rae8 21. g3
Rf6 22. Qg2 Re7 23. h4 Qg6 24. Bb1 Ne5 25. f3 Qg7 26. Rf2 Ba5 27. Rdf1 Bc7 28.
f4 Nc6 29. Bc2 Nb4 30. Bb1 Rg6 31. Kh2 f5 32. Qxb7 Bxf4 33. Qc8+ Kf7 34. Qxf5+
Rf6 35. Qh5+ Kg8 36. gxf4 Rg6 37. Qxc5 Nc6 38. f5 Rg4 39. Rf4 Re2+ 40. R4f2
Rxh4# 0-1

[Event "AUTO-INT-1727"]
[Site "http://www.queenalice.com/game.php?id=789559"]
[Date "2010.6.14"]
[Round "1"]
[White "DNWheeler"]
[Black "casparanhos"]
[Result "1-0"]
[WhiteElo "2040"]
[BlackElo "1667"]

1. d4 d5 2. c4 dxc4 3. e3 e5 4. Bxc4 Bb4+ 5. Bd2 Bxd2+ 6. Qxd2 exd4 7. Qxd4 Qxd4
8. exd4 Nf6 9. Nf3 Bd7 10. Nc3 a6 11. O-O b5 12. Rfe1+ Be6 13. Bxe6 fxe6 14.
Rxe6+ Kf7 15. Rae1 Re8 16. Ng5+ Kf8 17. Nxh7+ Nxh7 18. Rxe8+ Kf7 19. R1e7+ Kf6
20. Nd5+ Kg6 21. Nxc7 1-0

[Event "AUTO-INT-1727"]
[Site "http://www.queenalice.com/game.php?id=789560"]
[Date "2010.6.14"]
[Round "1"]
[White "casparanhos"]
[Black "Severynnas"]
[Result "1-0"]
[WhiteElo "1695"]
[BlackElo "1242"]

1. e4 e5 2. Bc4 Nc6 3. Nf3 Nf6 4. d3 Bc5 5. O-O O-O 6. a3 a6 7. b4 Ba7 8. Nc3 g6
9. Bh6 Re8 10. Ng5 Re7 11. Qf3 d5 12. Qxf6 dxc4 13. Qg7# 1-0

[Event "AUTO-INT-1727"]
[Site "http://www.queenalice.com/game.php?id=789561"]
[Date "2010.6.14"]
[Round "1"]
[White "Severynnas"]
[Black "casparanhos"]
[Result "1/2-1/2"]
[WhiteElo "1533"]
[BlackElo "1649"]

1. d4 e6 2. Nf3 b6 3. e4 d5 4. exd5 Qxd5 5. c4 Bb4+ 6. Bd2 Bxd2+ 7. Nbxd2 Qa5 8.
Be2 Qb4 9. Qb3 Qxb3 10. axb3 a5 11. O-O Nf6 12. h4 Nc6 13. Rfe1 O-O 14. Bd3 h6
15. Ne4 Ng4 16. g3 Nb4 17. Red1 Bb7 18. Kg2 f5 19. Nc3 f4 20. Be4 Rab8 21. Bxb7
Rxb7 22. Ne4 fxg3 23. Kxg3 Nf6 24. Ned2 Nh5+ 25. Kg2 c6 26. Ne5 Nf4+ 27. Kf3
Nh3+ 28. Ke3 Nxf2 29. Rf1 Nc2+ 30. Ke2 Nxd4+ 31. Ke1 Nc2+ 32. Ke2 Nxa1 33. Rxa1
c5 34. Nc6 Ng4 35. Nf3 Rc7 36. Ncd4 cxd4 37. Nd2 Rd7 38. Kd3 e5 39. Ne4 Nf2+ 40.
Ke2 Nxe4 41. Ra4 Nc5 42. Ra1 Nxb3 43. Ra3 Nc5 44. Rf3 Rxf3 45. Kxf3 e4+ 46. Ke2
d3+ 47. Kd2 Nb3+ 48. Kd1 g5 49. hxg5 hxg5 50. c5 bxc5 51. Ke1 d2+ 52. Kd1 e3 53.
Ke2 d1=Q+ 54. Kxe3 Qd3+ 55. Kf2 Rf7+ 56. Kg2 Qe2+ 57. Kg3 Rf3+ 58. Kg4 Qg2+ 59.
Kh5 Rf6 1/2-1/2

[Event "AUTO-INT-1727"]
[Site "http://www.queenalice.com/game.php?id=789562"]
[Date "2010.6.14"]
[Round "1"]
[White "casparanhos"]
[Black "paco78"]
[Result "0-1"]
[WhiteElo "1667"]
[BlackElo "1616"]

1. e4 e5 2. d4 exd4 3. Qxd4 Nc6 4. Qe3 Nf6 5. e5 Ng4 6. Qg5 Ngxe5 7. Bb5 f6 8.
Qh5+ g6 9. Qe2 Nd4 10. Qf1 Nxc2+ 11. Ke2 Nxa1 12. Qd1 a6 13. Bd3 d6 14. h3 Nxd3
15. Qxd3 Qe7+ 16. Be3 Bf5 17. Qd1 Nc2 18. g4 Nxe3 19. fxe3 Bxb1 20. Qxb1 Bh6 21.
e4 O-O 22. Nf3 d5 0-1

[Event "AUTO-INT-1727"]
[Site "http://www.queenalice.com/game.php?id=789563"]
[Date "2010.6.14"]
[Round "1"]
[White "paco78"]
[Black "casparanhos"]
[Result "1-0"]
[WhiteElo "1616"]
[BlackElo "1629"]

1. e4 g6 2. d4 d5 3. e5 Nc6 4. Nf3 Bg4 5. Be2 f6 6. exf6 exf6 7. c3 Bxf3 8. Bxf3
Qe7+ 9. Be3 O-O-O 10. O-O h5 11. Qd3 g5 12. Qf5+ Qd7 13. Qxd7+ Rxd7 14. Na3 g4
15. Be2 Bxa3 16. bxa3 f5 17. Bd3 Rf7 18. Rae1 f4 19. Bd2 Nge7 20. f3 g3 21. h3
a6 22. a4 Kb8 23. Re2 h4 24. Bc1 Nd8 25. Ba3 Nc8 26. Bg6 Rf6 27. Bc2 Nb6 28. Be7
Rc6 29. a5 Nc4 30. Ba4 Re6 31. Rxe6 Nxe6 32. Re1 Ng7 33. Bg5 Nxa5 34. Bxf4 Nc6
35. Rb1 b5 36. Bc2 Kb7 37. a4 Na7 38. Bd3 c6 39. Be5 Rg8 40. c4 dxc4 41. Bxc4
Re8 42. Bxg7 Ka8 43. axb5 cxb5 44. Bd5+ 1-0

[Event "Invitation"]
[Site "http://www.queenalice.com/game.php?id=789727"]
[Date "2010.6.14"]
[Round "-"]
[White "casparanhos"]
[Black "elciospy"]
[Result "0-1"]
[WhiteElo "1697"]
[BlackElo "1359"]

1. e4 e5 2. d4 exd4 3. Qxd4 Nc6 4. Qc3 d6 5. Bb5 Bd7 6. Nf3 Nf6 7. Bg5 Be7 8. e5
Ng4 9. Bf4 Ngxe5 10. Bxe5 Nxe5 11. Bxd7+ Nxd7 12. Qxg7 Bf6 13. Qxh8+ Bxh8 14. c3
Qe7+ 15. Kd2 O-O-O 16. Re1 Ne5 17. Kc2 Re8 18. Nbd2 Qd7 19. Re3 Qa4+ 20. b3 Qc6
21. h3 Nxf3 22. Rxe8+ Qxe8 23. Nxf3 Qe2+ 24. Nd2 Qxf2 25. Rf1 Qxg2 26. h4 f5 27.
Rxf5 Qg6 0-1

[Event "Challenge"]
[Site "http://www.queenalice.com/game.php?id=803346"]
[Date "2010.7.14"]
[Round "-"]
[White "WILSONCSQ"]
[Black "casparanhos"]
[Result "1-0"]
[WhiteElo "1681"]
[BlackElo "1644"]

1. e4 e5 2. Nf3 Bd6 3. d3 b6 4. Nc3 Qe7 5. Nd5 Qe6 6. Bd2 c6 7. Nb4 Bxb4 8. Bxb4
Na6 9. Bc3 d6 10. Ng5 Qg6 11. Bd2 h6 12. Nf3 c5 13. Nh4 Qf6 14. Nf3 Ne7 15. c3
O-O 16. Qa4 Nc7 17. Be2 Ng6 18. Qc6 Qd8 19. d4 Qd7 20. Qxd7 Bxd7 21. dxe5 Nxe5
22. Bf4 Nxf3+ 23. Bxf3 Ne8 24. e5 dxe5 25. Bxa8 exf4 26. Rd1 Be6 27. a4 Nf6 28.
Bc6 g5 29. O-O 1-0

[Event "Challenge"]
[Site "http://www.queenalice.com/game.php?id=1444552"]
[Date "2016.10.7"]
[Round "-"]
[White "casparanhos"]
[Black "elciospy"]
[Result "1/2-1/2"]
[WhiteElo "1614"]
[BlackElo "1323"]

1. c4 d5 2. b3 dxc4 3. bxc4 Qd4 4. Nc3 Qxc4 5. Qa4+ Qxa4 6. Nxa4 Nc6 7. e3 Nb4
8. Rb1 e6 9. Rb2 Nd3+ 10. Bxd3 Nf6 11. Nf3 Be7 12. O-O O-O 13. Nc3 a6 14. Be4
Rb8 15. Rb3 b5 16. Ba3 c5 17. Ne5 Bd6 18. d4 b4 19. Bd3 a5 20. Nb1 a4 21. Rb2
Bb7 22. Bxb4 cxb4 23. h3 Rfc8 24. Nc4 a3 25. Rc2 Be7 26. g4 Bd5 27. Nbd2 h6 28.
e4 Bc6 29. Rfc1 Ba4 30. Nb3 Rd8 31. Ne5 Bd6 32. Nc6 Bxc6 33. Rxc6 Be7 34. f3 Nh7
35. R6c4 Nf8 36. Na5 Rb6 37. f4 Ng6 38. f5 exf5 39. exf5 Nf4 40. Rd1 Nxh3+ 41.
Kf1 Nf4 42. Nc6 Rd7 43. Ne5 Rd8 44. Nc6 Rd7 45. Ne5 Rd8 46. Nc6 1/2-1/2

[Event "Challenge"]
[Site "http://www.queenalice.com/game.php?id=1445152"]
[Date "2016.10.11"]
[Round "-"]
[White "edemarc"]
[Black "casparanhos"]
[Result "0-1"]
[WhiteElo "1430"]
[BlackElo "1602"]

1. e4 d5 2. Nc3 e6 3. e5 f6 4. d4 fxe5 5. dxe5 Nc6 6. f4 Bb4 7. Qh5+ g6 8. Qf3
Bxc3+ 9. bxc3 b6 10. c4 Bb7 11. c5 bxc5 12. Bb5 a6 13. Bxc6+ Bxc6 14. Qg4 Qd7
15. Ne2 c4 16. Nd4 Nh6 17. Qg5 Qg7 18. Nxe6 Qd7 19. Nc5 Qg7 20. Bb2 Nf7 21. Qh4
Rb8 22. Bc3 Ra8 23. e6 Qxc3+ 24. Kf2 Qd4+ 25. Kg3 Qxc5 26. exf7+ Kxf7 27. Rae1
Rhe8 28. Rhf1 Re3+ 29. Rf3 Rxe1 30. f5 Re3 31. h3 Rxf3+ 32. Kxf3 d4+ 33. Kg3
Qe5+ 34. Kf2 Qxf5+ 35. Kg1 h5 36. Qxd4 Bd5 37. Qc5 Qxc2 38. Qxc7+ Kg8 39. Qg3
Kh7 40. Qc7+ Kh6 41. Qf4+ Kh7 42. Qg3 Re8 43. a3 Re2 44. Qc7+ Kh6 45. Qg3 Bxg2
46. h4 Be4 47. Qf4+ g5 48. hxg5+ Kh7 49. Qf7+ Kh8 50. Qxh5+ Kg8 51. Qe8+ Kh7 52.
Qf7+ Kh8 53. Qh5+ Kg8 54. Qe8+ Kg7 55. Qe7+ Kg6 56. Qf6+ Kh5 57. Qh6+ Kg4 58.
Qg7 Re1# 0-1